| 000 | 00369nam a2200121Ia 4500 | ||
|---|---|---|---|
| 008 | 160609s9999 xx 000 0 und d | ||
| 100 | _aGasek, Tom. | ||
| 245 | _aFrame by Frame: The Guide to Non-Traditional Animation Techniques | ||
| 245 | _cBy:Tom Gasek | ||
| 260 | _c2011 | ||
| 650 | _xCOMPUTER ANIMATION | ||
| 856 | _uhttp://file.ebook777.com/001/978-0240817286.pdf | ||
| 999 |
_c295731 _d295731 |
||